Catálogo
 En Linea

Dominicaneando / (Registro nro. 49460)

Detalles MARC
000 -CABECERA
campo de control de longitud fija 01437nam a22003377a 4500
003 - IDENTIFICADOR DEL NÚMERO DE CONTROL
campo de control OSt
005 - FECHA Y HORA DE LA ÚLTIMA TRANSACCIÓN
campo de control 20240226142544.0
007 - CAMPO FIJO DE DESCRIPCIÓN FÍSICA--INFORMACIÓN GENERAL
campo de control de longitud fija ta
008 - DATOS DE LONGITUD FIJA--INFORMACIÓN GENERAL
campo de control de longitud fija 210226b 2020 dr f00| 0 eng d
020 ## - NÚMERO INTERNACIONAL ESTÁNDAR DEL LIBRO
Número Internacional Estándar del Libro 9789945092769
040 ## - FUENTE DE LA CATALOGACIÓN
Centro catalogador/agencia de origen DO-SdBNP
Lengua de catalogación spa
Centro/agencia transcriptor BNPHU
082 #4 - NÚMERO DE LA CLASIFICACIÓN DECIMAL DEWEY
Número de clasificación 972.93
Número de documento/Ítem S718d, 2020
Número de edición 22
100 1# - ENTRADA PRINCIPAL--NOMBRE DE PERSONA
Nombre de persona Soto Jiménez, José Miguel,
Fechas asociadas al nombre 1956-
9 (RLIN) 11668
245 10 - MENCIÓN DE TÍTULO
Título Dominicaneando /
Mención de responsabilidad, etc. José Miguel Soto Jiménez ; edición al cuidado de Sócrates Suaso Ruiz
246 04 - FORMA VARIANTE DE TÍTULO
Título propio/Titulo breve Dominicaneando :
Resto del título los tres nombres del después de siempre.
250 ## - MENCIÓN DE EDICIÓN
Mención de edición 2a. ed. corregida y aumentada.
260 ## - PUBLICACIÓN, DISTRIBUCIÓN, ETC.
Lugar de publicación, distribución, etc. Santo Domingo :
Nombre del editor, distribuidor, etc. Edita Libros,
Fecha de publicación, distribución, etc. 2020.
300 ## - DESCRIPCIÓN FÍSICA
Extensión 572 p. ;
Dimensiones 23 cm.
500 ## - NOTA GENERAL
Nota general Incluye datos biográficos del autor en las solapas
500 ## - NOTA GENERAL
Nota general Incluye índice onomástico
504 ## - NOTA DE BIBLIOGRAFÍA, ETC.
Nota de bibliografía, etc. Bibliografía : p. 529-547
590 ## - NOTA LOCAL (RLIN)
Nota local Inventariado, 2021 /LP<br/><br/>
650 ## - PUNTO DE ACCESO ADICIONAL DE MATERIA--TÉRMINO DE MATERIA
Término de materia o nombre geográfico como elemento de entrada religiosidad popular
Subdivisión geográfica República Dominicana
Subdivisión de forma Ensayos, conferencias, etc.
9 (RLIN) 79018
651 #4 - PUNTO DE ACCESO ADICIONAL DE MATERIA--NOMBRE GEOGRÁFICO
Nombre geográfico República Dominicana
Subdivisión general Historia
Subdivisión de forma Ensayos, conferencias, etc.
9 (RLIN) 2203
651 #4 - PUNTO DE ACCESO ADICIONAL DE MATERIA--NOMBRE GEOGRÁFICO
Nombre geográfico República Dominicana
Subdivisión general Vida social y costumbres
Subdivisión de forma Ensayos, conferencias, etc.
9 (RLIN) 1198
651 #4 - PUNTO DE ACCESO ADICIONAL DE MATERIA--NOMBRE GEOGRÁFICO
Nombre geográfico República Dominicana
Subdivisión general Condiciones sociales
Subdivisión de forma Ensayos, conferencias, etc.
9 (RLIN) 40560
651 #4 - PUNTO DE ACCESO ADICIONAL DE MATERIA--NOMBRE GEOGRÁFICO
Nombre geográfico República Dominicana
Subdivisión general Civilización
Subdivisión de forma Ensayos, conferencias, etc.
9 (RLIN) 2202
700 1# - PUNTO DE ACCESO ADICIONAL--NOMBRE DE PERSONA
Nombre de persona Suaso Ruiz, Sócrates,
Término indicativo de función/relación edición
9 (RLIN) 77941
910 ## - DATOS DE OPCIÓN DEL USUARIO (OCLC)
Datos de opción del usuario Validado. Control de calidad MFF
942 ## - ELEMENTOS DE PUNTO DE ACCESO ADICIONAL (KOHA)
Fuente del sistema de clasificación o colocación Dewey Decimal Classification
Tipo de ítem Koha Libro
Existencias
Estado de retiro Estado de pérdida Fuente del sistema de clasificación o colocación Restricciones de uso No para préstamo Código de colección Localización permanente Ubicación/localización actual Ubicación en estantería Fecha de adquisición Fuente de adquisición Total de préstamos Signatura topográfica completa Código de barras Fecha visto por última vez Precio válido a partir de Tipo de ítem Koha Número de copia
    Dewey Decimal Classification Préstamo en sala   Dominicana de Servicio Biblioteca Nacional Pedro Henríquez Ureña General Depósito 26.02.2021 Depósito Legal   BNPHU DS 972.93 S718d 2020 2021-0484 26.02.2021 26.02.2021 Libro y Folleto Colección Dominicana de Servicio e.3
    Dewey Decimal Classification Préstamo en sala   Dominicana de Servicio Biblioteca Nacional Pedro Henríquez Ureña General Depósito 25.06.2021 Donado por José Miguel Soto Jiménez   BNPHU PDS 972.93 S718d 2020 2021-2253 25.06.2021 25.06.2021 Libro y Folleto Colección Dominicana de Servicio e.4
    Dewey Decimal Classification Préstamo en sala   Dominicana de Servicio Biblioteca Nacional Pedro Henríquez Ureña General Depósito 25.06.2021 Donado por José Miguel Soto Jiménez   BNPHU DS 972.93 S718d 2020 2021-2254 25.06.2021 25.06.2021 Libro y Folleto Colección Dominicana de Servicio e.5
    Dewey Decimal Classification Excluido de préstamo Excluido de préstamo Patrimonio Dominicano Biblioteca Nacional Pedro Henríquez Ureña Patrimonio Dominicano Depósito 26.02.2021 Depósito Legal   BNPHU PD 972.93 S718d 2020 2021-0482 26.02.2021 26.02.2021 Libro y Folleto Colección Patrimonio Dominicano  
    Dewey Decimal Classification Excluido de préstamo Préstamo restrigido Patrimonio Dominicano Biblioteca Nacional Pedro Henríquez Ureña Patrimonio Dominicano Depósito 26.02.2021 Depósito Legal   BNPHU PD 972.93 S718d 2020 2021-0483 26.02.2021 26.02.2021 Libro y Folleto Colección Patrimonio Dominicano e.2

Con tecnología Koha